LEADER 00955nam a2200241 i 4500 001 000000155411 003 CaOOAMICUS 005 20061109000000.0 008 061109s1962 it u000 u ita u 013 $a132763 040 $aSeMil$bita 245 10$aTutta la pittura di Pieter Bruegel /$cA cura di Valentin Denis. 250 $a2. edizione aggiornata. 260 $aMilano :$bRizzoli,$c1962 (copyr. 1952) 300 $a48 p., [160] p. di tav. ;$c18 cm. 490 0 $aBiblioteca d'arte Rizzoli ;$v5.-6 500 $aContiene : Nota bibliografica. 700 1 $aDenis, Valentin.$0(OLS)http://semarc/name/60781 830 0$aBiblioteca d'arte Rizzoli ;$v5.-6.$0(OLS)http://semarc/title/7354 850 $aSeMil 852 $aSeMil$W1$xVenegono$y1$m5Q I 5$j107248$B107248$CSeMilBibl$Z2$F116627 $81 996 $6245$aTutta la pittura di Pieter Bruegel$9(OLS)http://semarc/title/227589 996 $6260$aMilano :$bRizzoli$9(OLS)http://semarc/publisher/29824 LEADER 01102nam a2200253 i 4500 001 000000125019 003 CaOOAMICUS 005 20240930143349.0 008 051011s1980 it u000 u ita u 013 $a97717 040 $aSeMil$bita 245 13$aIl complesso Palladiano della carità /$ca cura di Elena Bassi. 260 $aMilano :$bElecta,$ccopyr. 1980. 300 $a46 p. :$briccamente ill. ;$c24 cm. 500 $aIn mezzo al front. : Soprintendenza ai Beni Artistici e Storici di Venezia ; Venezia, Galleria dell'Accademia, Ottobre-Dicembre 1980. - Fondo Ciprandi. 650 4$aPalladio, Andrea - Opere architettoniche - Esposizioni - 1980.$0(OLS)http://semarc/subject/24260 700 1 $aBassi, Elena.$0(OLS)http://semarc/name/51701 850 $aSeMil 852 $aSeMil$W1$xVenegono$y1$m5N VI 63$j79518$B79518$CSeMilBibl$Z2$F104146 $81 941 1 $a1 961 $aOmaggio: Ciprandi dott. Paolo 996 $6245$aIl complesso Palladiano della carità$9(OLS)http://semarc/title/184072 996 $6260$aMilano :$bElecta$9(OLS)http://semarc/publisher/29711